000 01331cam a22002175a 4500
001 E140618
008 071002e20070925stk f s000 0 eng d
020 _a9780755915781
035 _a(Sirsi) u140618
041 0 _aeng
050 0 4 _a627.4 $2 18
110 2 _aScottish Executive
_bGeographic Information Service
_95362
245 0 0 _aImpact of flooding in Scotland
_bin-house GIS analysis using the SEPA Indicative Flood Map 2007
_h[electronic resource]
260 _aEdinburgh
_bScottish Executive
_c2007
520 _aSummarises the in-house analysis of the impact of flooding in Scotland which was initiated by the release of the Indicative River and Coastal Flood Map (Scotland) by the Scottish Environmental Protection Agency (SEPA) in November 2006. Contains an estimate of the economic impact of flooding, based on the extent of fluvial and coastal flood zones and the number of properties located in these flood zones. Improvement of the 2002 flood zones, especially the coastal flood zone, results in a more accurate characterisation.
590 _aKA
651 4 _aScotland
_y1999-
690 _aENVIRONMENTAL AND LAND CONSULTANCY-WATER RESOURCE MANAGEMENT-FLOODING
856 4 8 _uhttps://www.scotland.gov.uk/Publications/2007/09/20092209/6/
_zView the document free of charge at www.scotland.gov.uk...
942 _n0
999 _c107521
_d107521